000 00343nam a2200121Ia 4500
008 240731s9999 xx 000 0 und d
022 _a1466-4402
245 4 _aThe International Review of Retail, Distribution and Consumer Research
260 _bRoutledge
856 _uhttps://www.tandfonline.com/loi/rirr20
942 _2ddc
942 _cTFEJ
999 _c79950
_d79950
945 _a1
_bMadushi Gamage
_c1
_dMadushi Gamage